000 00630cam a2200217 i 4500
001 1792290
005 20180314081656.0
008 781115s1979 maua b 001 0 eng
010 _a 78018649
020 _a0201063328 :
_c$16.95
040 _aDLC
_cDLC
_dDLC
041 _aeng
080 _a530.141 joh
082 0 0 _a530.141 joh
100 1 _a27
101 _a mec
245 1 0 _aFoundations of electromagnetic theory /
_cJohn R. Reitz, Frederick J. Milford, Robert W. Christy.
504 _aIncludes bibliographical references and index.
906 _a7
_bcbc
_corignew
_d1
_eocip
_f19
_gy-gencatlg
942 _2ddc
_cBK
999 _c45009
_d45009